000 01312cas a2200421 a 4500
001 11123112
003 OSt
005 20150408114002.0
007 t|
008 971106c19979999mouar f 0 a0eng c
016 7 _a9615923
_2DNLM
016 7 _aSR0089421
_2DNLM
020 _a0323024475
022 0 _21
035 _a(OCoLC)ocm34984889
037 _bMosby-Year Book, Inc., 11830 Westline Industrial Dr., St. Louis, MO 63146
_c$28.95
040 _aNSDP
_cNSDP
_dMH
_dDNLM
_dGU
_dMiU
_dOCoLC
_dEbpS
_dOCoLC
_dCaQQL
_dDLC
_dOCoLC
042 _ansdp
_apcc
050 0 0 _aRM301.12
_b.M665
060 0 0 _aQV 39
_bM8935
082 1 0 _a615
100 _aHOM, Milton
_98937
210 0 _aMosby's med. drug ref.
222 0 _aMosby's medical drug reference
245 0 0 _aMosby's Ocular Drug Consult
_cMilton Hom and Mosby
246 3 0 _aMedical drug reference
246 1 4 _aMosby's medical drug reference
260 _aSt. Louis :
_bMosby,
_cc2005-
300 _av. ;
_c20 cm.
310 _aAnnual
362 0 _a1997-
650 0 _aDrugs
_vHandbooks, manuals, etc.
_94753
650 1 2 _aPharmaceutical Preparations
_vHandbooks.
_95772
650 6 _aMédicaments
_vGuides, manuels, etc.
_96104
942 _2ddc
_cBOOK
999 _c20175
_d254675